000 01433cac a2200397 i 4500
003 EG-GICUC
005 20260121101442.0
008 080902s2008 mnuab frbv 001 0 eng d
020 _a0314183507
_qalk. paper
020 _a9780314183507
_qalk. paper
020 _a9780314183491
_qpbk. : alk. paper ; teacher's manual
040 _aYDXCP
_cYDXCP
_dGWL
_dONS
_dBAKER
_dDLC
_beng
_erda
043 _an-us---
050 0 0 _aKF4550
_b.F86 2008
082 0 4 _221
_a342.073
092 0 4 _221
099 _aLaw 08 2008
100 1 _aFunk, William F.,
_d1945-
245 1 0 _aIntroduction to American constitutional structure /
_cby William Funk
246 1 8 _aAmerican constitutional structure
264 _aSt. Paul, MN :
_bThomson/West,
_c2008.
300 _axviii, 561 page :
_billustrations, 1 map ;
_c26 cm.
336 _atext
_btxt
_2rdacontent
337 _aunmediated
_bn
_2rdamedia
338 _avolume
_bnc
_2rdacarrier
440 0 _aAmerican casebook series
500 _aAccompanied by: Teacher's manual (81 p. ; 26 cm.), c2009.
504 _aIncludes bibliographical references and index.
610 1 0 _aUnited States.
_bSupreme Court.
650 0 _aConstitutional law
_zUnited States
_vCases.
650 0 _aJudicial review
_zUnited States
_vCases.
650 0 _aSeparation of powers
_zUnited States
_vCases.
856 4 0 _uhttps://fll.law.cu.edu.eg/fulltext/bks/ENGB08-00100.pdf
905 _a10
942 _2ddc
_cBK
_e21
_n0
999 _c49193
_d49193